|
|
|
|
| LEADER |
00000cam a2200000 7i4500 |
| 001 |
0000007430 |
| 002 |
000007989 |
| 005 |
.0 |
| 020 |
|
|
|a 9838932388
|
| 090 |
0 |
0 |
|a F
|b ABD
|
| 100 |
0 |
|
|a Abdul Samad Ismail
|
| 245 |
1 |
0 |
|a Sutinah
|c Abdul Samad Ismail
|
| 260 |
|
|
|a Kuala Lumpur :
|b Creative Enterprise Sdn.Bhd. ,
|c 1995
|
| 300 |
|
|
|a 158 p. ;
|c 18 cm.
|
| 490 |
0 |
|
|a Novel klasik
|
| 700 |
0 |
|
|a Azman Yusof ,
|e ill
|
| 999 |
|
|
|a 00100798
|b BUKU
|c FICTION
|e PERPUSTAKAAN KOMUNITI PETALING JAYA
|
| 999 |
|
|
|a 052081
|b BUKU
|c PINJAMAN
|e PERPUSTAKAAN KOMUNITI PETALING JAYA
|
| 999 |
|
|
|a 052082
|b BUKU
|c PINJAMAN
|e PERPUSTAKAAN KOMUNITI PETALING JAYA
|
| 999 |
|
|
|a 052083
|b BUKU
|c PINJAMAN
|e PERPUSTAKAAN KOMUNITI PETALING JAYA
|